LIBRARY & INFORMATION CENTRE, KCAET, TAVANUR

ONLINE PUBLIC ACCESS CATALOGUE (OPAC)

First book of ANSI C / (Record no. 13043)

MARC details
000 -LEADER
fixed length control field 00434cam a2200169ua 4500
020 ## - INTERNATIONAL STANDARD BOOK NUMBER
ISBN 981-240-201-2
041 ## - LANGUAGE CODE
Language code of text/sound track or separate title eng
082 ## - DEWEY DECIMAL CLASSIFICATION NUMBER
Classification number 005.133
Item number BRO/FI
100 ## - MAIN ENTRY--AUTHOR NAME
Personal name Bromson, Gary J .
245 ## - TITLE STATEMENT
Title First book of ANSI C /
250 ## - EDITION STATEMENT
Edition statement 3 /
260 ## - PUBLICATION, DISTRIBUTION, ETC. (IMPRINT)
Place of publication Australia :
Name of publisher Brooks / code Thimson Learning ,
Year of publication 2001.
300 ## - PHYSICAL DESCRIPTION
Number of Pages 752 ;
Accompanying material `.
942 ## - ADDED ENTRY ELEMENTS (KOHA)
Koha item type Books
Holdings
Withdrawn status Lost status Damaged status Collection code Home library Current library Shelving location Date acquired Source of acquisition Cost, normal purchase price Full call number Accession Number Koha item type
        KAUAET KAUAET Scheme 30/08/2016 Penta Books Distributors, Calicut. 350.00 005.133 BRO/FI BB 123 Book Bank scheme for SC students
free website counter